George Orwell Quiz - Statistics

General Stats
  • This quiz has been taken 475 times
  • The average score is 4 of 9
Answer Stats
Hint Answer % Correct
1948 Nineteen Eighty-Four
98%
1945 Animal Farm
97%
1933 Down and Out in Paris and London
45%
1937 The Road to Wigan Pier
43%
1938 Homage to Catalonia
37%
1934 Burmese Days
34%
1936 Keep the Aspidistra Flying
32%
1939 Coming Up for Air
20%
1935 The Clergyman's Daughter
20%
No matching quizzes found
Score Distribution
Percent of People with Each Score
Percentile by Number Answered
Your Score History
You have not taken this quiz